000
00233nam a2200097Ia 4500
001
918448
005
20250826185932.0
008
250824s9999 xx 000 0 und d
245
0
_a
AKDENİZ
_c
PANAIT ISTRATI
260
_b
ANONİM YAYINLARI
999
_c
918448
_d
918448